Sutton and Shannon on contracts / (Record no. 4790)
[ view plain ]
| 000 -LEADER | |
|---|---|
| fixed length control field | 00821nam a22002532 4500 |
| 001 - CONTROL NUMBER | |
| control field | 4790 |
| 003 - CONTROL NUMBER IDENTIFIER | |
| rucl marc code | BD-RjUL |
| 005 - DATE AND TIME OF LATEST TRANSACTION | |
| control field | 20211208233945.0 |
| 008 - FIXED-LENGTH DATA ELEMENTS--GENERAL INFORMATION | |
| fixed length control field | 131222s1956 enkk b 011 0 engdd |
| 035 ## - SYSTEM CONTROL NUMBER | |
| System control number | (BD-RjUL)4825 |
| -- | OCLC ocm17681873 from D980205M |
| 040 ## - CATALOGING SOURCE | |
| Original cataloging agency | NDL |
| Transcribing agency | NDL |
| Modifying agency | EQO |
| Language of cataloging | eng |
| 041 ## - LANGUAGE CODE | |
| Language code of text/sound track or separate title | eng |
| 082 00 - DEWEY DECIMAL CLASSIFICATION NUMBER | |
| Author mark and year | SUS 1956 |
| Edition number | 23 |
| Classification number | 346.4202 |
| 100 ## - MAIN ENTRY--PERSONAL NAME | |
| Personal name | Sutton, Ralph |
| 9 (RLIN) | 162430 |
| 245 10 - TITLE STATEMENT | |
| Title | Sutton and Shannon on contracts / |
| Statement of responsibility, etc. | Ralph Sutton, N P Shannon |
| 250 ## - EDITION STATEMENT | |
| Edition statement | 5th ed. / by K. W. Wedderburn |
| 260 ## - PUBLICATION, DISTRIBUTION, ETC. (IMPRINT) | |
| Place of publication, distribution, etc. | London : |
| Name of publisher, distributor, etc. | Butterworths, |
| Date of publication, distribution, etc. | 1956. |
| 300 ## - PHYSICAL DESCRIPTION | |
| Pagination | xcix, 522, [33] p. ; |
| Size | 23 cm. |
| 504 ## - BIBLIOGRAPHY, ETC. NOTE | |
| Bibliography, etc | Includes bibliographical references and index |
| 650 #0 - SUBJECT ADDED ENTRY--TOPICAL TERM | |
| Topical term or geographic name as entry element | Contracts |
| Geographic subdivision | Great Britain. |
| 9 (RLIN) | 15112 |
| 700 1# - ADDED ENTRY--PERSONAL NAME | |
| Personal name | Shannon, N. P. |
| Fuller form of name | (Norman Pasquilla) |
| Personal name | Wedderburn, K. W. |
| 942 ## - ADDED ENTRY ELEMENTS (KOHA) | |
| Source of classification or shelving scheme | Dewey Decimal Classification |
| Koha item type | Books |
| Lost status | Source of classification or shelving scheme | Damaged status | Not for loan | Collection code | Permanent Location | Current Location | Shelving location | Date acquired | Source of acquisition | Cost, normal purchase price | Total Checkouts | Full call number | Date last seen | Copy number | Koha item type |
|---|---|---|---|---|---|---|---|---|---|---|---|---|---|---|---|
| Dewey Decimal Classification | Non-fiction | Central Library, University of Rajshahi | Central Library, University of Rajshahi | 18/06/1963 | Zeitlinger | 32.60 | 346.4202 WES 1956 | 23/12/2013 | C-2 | Books | |||||
| Dewey Decimal Classification | Not For Loan | Non-fiction | Central Library, University of Rajshahi | Central Library, University of Rajshahi | Reading Room | 18/06/1963 | Zaitlinger | 32.60 | 346.4202 SUS 1956 | 03/08/2016 | C-1 | Books | |||
| Dewey Decimal Classification | Non-fiction | Central Library, University of Rajshahi | Central Library, University of Rajshahi | 18/06/1963 | Zaitlinger | 32.60 | 346.4202 SUS 1956 | 03/08/2016 | C-3 | Books |